000 00611cam a2200205 4500500
005 20260329003329.0
041 _afre
042 _adc
100 1 0 _aFereday, Jack
_eauthor
245 0 0 _aLe Gaucher boiteux. Figures de la pensée
260 _c2015.
500 _a92
690 _aFleuve
690 _aMichel Serres
690 _aPensée
690 _aSerendipité
690 _aVictorine de Oliveira
786 0 _nPhilosophie magazine | 90 | 6 | 2015-06-01 | p. 71-72 | 1951-1787
856 4 1 _uhttps://shs.cairn.info/magazine-philosophie-magazine-2015-6-page-71?lang=fr&redirect-ssocas=7080
999 _c1823597
_d1823596